00705nam a2200169Ia 4500003000900000008004100009020001800050040001600068080002100084100002400105111010000129245019800229260003800427300001000465650004100475650001900516IN-BaIIA211028s9999 xx 000 0 eng d a5-02-024566-6 cIIA Library a524.3-334.7bMAG aGlagolevskij, Yu V. aInternational Meeting on the Problem Physics and Evolution of StarscLeningradd1987 Oct. 12-17 0aMagnetic starsbproceedings of international meeting on the problem physics and evolution of stars, held in Leningrad, 12-17 Oct 1987cYu V Glagolevskij  aLeningradbNauka Publishingc1988 a328p. aAstronomy and astrophysics thesaurus aMagnetic stars